| 000 | 00548nam a22001817 4500 | ||
|---|---|---|---|
| 999 |
_c127452 _d127452 |
||
| 001 | 7707440 | ||
| 003 | ARRUPE | ||
| 005 | 20180119113908.0 | ||
| 008 | 901107s1768 enk 000 0 fre | ||
| 010 | _altf90008429 | ||
| 040 |
_aDLC _cDLC _dDLC |
||
| 050 | 0 | 0 |
_aBX830.1962 _b.A7 U68 |
| 245 | 0 | 4 |
_aLes prĂȘtres Decrets; _cEdited by John Frisque and Yves Congay |
| 260 |
_aParis, _c1968. _bLes Editions Du Cerf |
||
| 300 |
_a395p. ; _c23cm. |
||
| 440 |
_aUnam sanctam _n68 _938748 |
||
| 650 |
_aClergy _xCatholic Church _98837 |
||
| 650 |
_aVatican Council. 2nd. _xDecrees _xCommentaries _917478 |
||
| 700 |
_aFrisque, J _eed. _938786 |
||
| 700 |
_aCongar, Yves _eed. _922373 |
||
| 906 |
_a0 _bcbc _cpremunv _du _encip _f19 _gy-gencatlg |
||
| 942 |
_2lcc _cMONOGRAPH |
||